| 000 | 00000nam##2200000za#4500 |
| 001 | 9.662516 |
| 003 | CaOODSP |
| 005 | 20210615120608 |
| 007 | ta |
| 008 | 150407|2001||||xxc||||| f|0| 0 fre|d |
| 020 | |a0-662-65485-4 |
| 040 | |aCaOODSP|bfre |
| 041 | |aeng |
| 041 | |afre |
| 043 | |an-cn--- |
| 086 | 1 |aM86-23/2001 |
| 110 | 1 |aCanada.|bRessources naturelles Canada. |bCommission de toponymie du Canada. |
| 245 | 10|aPrincipes et directives pour la dénomination des lieux 2001 |
| 260 | |aOttawa - Ontario : |bRessources naturelles Canada. |c2001. |
| 300 | |aTexte français, 24p. ; |c28 cm. |
| 500 | |aDonnées de catalogage avant publication (Canada) imprimées dans cette publication. |
| 546 | |aBilingue |
| 563 | |aCouverture souple |
| 590 | |a01-22|b2001-06-01 |
| 691 | 07|aGéographie|2gcpds |
| 776 | 0#|tPrincipes et directives pour la dénomination des lieux 2001 |w(CaOODSP)9.633795 |
| 776 | 0#|tPrinciples and procedures for geographical naming 2001 |w(CaOODSP)9.689383 |
| 791 | |tPrinciples and procedures for geographical naming 2001 |eeng|w(CaOODSP)9.662515 |